00630nam a2200181 a 4500008004100000020001500041050001600056100001900072245004800091250001200139260002600151300001900177350000900196650003000205995007900235999001700314952011700331060316s1997 ||||||||||||||||| || u a0750698705 aTK 7804 Gra aGraf, Rudolf F10aModern dictionary of electronics. (6th ed.) a6th ed. aBoston bNewnesc1997 a1152 p. : ill. a0.00 aELECTRONICS--DICTIONARIES D0.00FCBU-MAIN LIBRARY (Kitwe)H1I60.00M1UDAMAGEDZReference Collection c51444d51444 00102lcc4070a001b001cReference Collectiond2022-11-30l0oTK 7804 Grap028058r2022-11-30w2022-11-30y002